| 000 | 00871nas a2200289 4500 | ||
|---|---|---|---|
| 001 | BR0500884 | ||
| 003 | BR-BrBNA | ||
| 005 | 20231205105131.0 | ||
| 007 | ta | ||
| 008 | 230509b bl.|||p| |||| 00| 00por d | ||
| 040 |
_aBR-BrBNA _bpor _cBiblioteca Nacional de Agricultura |
||
| 041 | _a(Pt) | ||
| 072 | _aF60 | ||
| 100 | 1 | _aXavier, E. de S. | |
| 100 | 1 | _aSilva, C.A. da | |
| 100 | 1 | _aMoraes, F. | |
| 100 | 1 | _aBraga, M.R. | |
| 245 | 1 | _aEliciadores de fitoalexinas de paredes celulares de Alibertia myrcifolia e Rudgea jasminoides (Rubiaceae)obtidos por autoclavagem | |
| 650 | _aRUBIACEAE | ||
| 650 | _aFITOALEXINA | ||
| 650 | _aFOLHA | ||
| 650 | _aCARBOIDRATO | ||
| 650 | _aANÁLISE QUÍMICA | ||
| 773 | 0 |
_tHoehnea (Brazil) _xISSN 0073-2877 _g(Apr 2004), v. 31(1) p. 23-31 _wBR0500884 |
|
| 909 |
_a202311 _bLúcia _c55 _dLúcia Elande |
||
| 942 |
_2AGRIS _n0 _cANA |
||
| 999 |
_c181416 _d181416 |
||